[Event "USCL St. Louis vs Seattle"]
[Site "Chess.com"]
[Date "2013.09.11"]
[Round "3"]
[White "Lee, Megan"]
[Black "Wilkins, Jacob"]
[Result "0-1"]
[WhiteElo "2127"]
[BlackElo "1909"]
[PlyCount "134"]
[EventDate "2013.??.??"]
[EventCountry "USA"]

{Board 4, WFM Lee (Seattle Sluggers) vs. Wilkins (St. Louis Arch Bishops) 
Time Control: Game in 75 with 30 second increment   Week 3 Upset prize winner.
} 1. e4 e6 2. d4 d5 3. e5 c5 4. c3 Nc6 5. Be3 Nge7 6. Nf3 Nf5 7. Qd2 Nxe3 8.
fxe3 Qb6 9. Bd3 c4 10. Be2 Be7 11. O-O O-O 12. Qc2 f6 13. exf6 Bxf6 14. b3 cxb3
15. axb3 e5 16. Kh1 Be6 17. Nbd2 Rac8 18. dxe5 Nxe5 19. Nd4 Bf7 20. Qb2 Bg6 21.
b4 a6 22. N2b3 Nc4 23. Qc1 Rfe8 24. Bxc4 dxc4 25. Nc5 Rxc5 26. bxc5 Qxc5 27.
Qb2 Be4 28. Rf4 Qd5 29. Rf2 Bg5 30. Qb6 Bxe3 31. Rb2 Bxd4 32. Qxd4 Qxd4 33.
cxd4 c3 34. Re2 c2 35. Rc1 Kf7 36. d5 Bf5 37. Rf2 Kg6 38. Kg1 Rd8 39. Rd2 a5
40. Kf2 a4 41. Rd4 b5 42. g4 Be6 43. Ke3 Rxd5 44. Rxd5 Bxd5 45. Rxc2 b4 46. Rc5
a3 47. Kd2 b3 48. Rxd5 a2 49. Rd6+ Kg5 50. Rd5+ Kxg4 51. Rd4+ Kf5 52. Rd5+ Ke4
53. Ra5 b2 54. Ra4+ Kd5 55. Ra5+ Kc4 56. Rxa2 b1=Q 57. Rc2+ Kd4 58. Rc7 Qd3+
59. Kc1 Qe3+ 60. Kb2 Qd2+ 61. Rc2 Qb4+ 62. Kc1 Kd3 63. Rc8 Qf4+ 64. Kb2 Qxh2+
65. Kb3 Qd6 66. Rc1 Qb6+ 67. Ka4 h5 0-1

[Event "USCL Dallas vs Arizona"]
[Site "Chess.com"]
[Date "2013.09.11"]
[Round "3"]
[White "Holt, Conrad"]
[Black "Molner, Mackenzie"]
[Result "1-0"]
[WhiteElo "2639"]
[BlackElo "2592"]
[PlyCount "87"]
[EventDate "2013.??.??"]
[EventCountry "USA"]

{Board 1, GM Holt (Dallas Destiny) vs. IM Molner (Arizona Scorpions)  Time
Control: Game in 75 with 30 second increment} 1. d4 Nf6 2. c4 g6 3. Nc3 d5 4.
e3 Bg7 5. Qb3 e6 6. Qa3 c6 7. Nf3 a5 8. b3 Na6 9. Be2 Nb4 10. Qb2 O-O 11. O-O
c5 12. Rd1 b6 13. a3 Nc6 14. Qc2 cxd4 15. exd4 Ba6 16. Bg5 Rc8 17. Rac1 Ne7 18.
c5 Bxe2 19. Nxe2 Ne4 20. Bxe7 Qxe7 21. b4 axb4 22. axb4 bxc5 23. bxc5 Rc7 24.
Qd3 Rfc8 25. g3 h5 26. Nc3 Nxc3 27. Rxc3 e5 28. Nxe5 Bxe5 29. Re1 Ra7 30. Rxe5
Ra1+ 31. Kg2 Qb7 32. Rb3 Qa8 33. Rb6 Kg7 34. Re7 Rc6 35. Rxc6 Qxc6 36. Qf3 Qf6
37. Qxf6+ Kxf6 38. Re5 Rc1 39. h4 Rc4 40. Rxd5 Ke6 41. Rd6+ Ke7 42. Kf3 Rc2 43.
Ke3 f6 44. Rc6 1-0

[Event "USCL Dallas vs Arizona"]
[Site "Chess.com"]
[Date "2013.09.11"]
[Round "3"]
[White "Altounian, Levon"]
[Black "Margvelashvili, Giorgi"]
[Result "1/2-1/2"]
[WhiteElo "2513"]
[BlackElo "2588"]
[PlyCount "59"]
[EventDate "2013.??.??"]
[EventCountry "USA"]

{Board 2, IM Altounian (Arizona Scorpions) vs. GM Margvelashvili (Dallas
Destiny)  Time Control: Game in 75 with 30 second increment} 1. Nf3 c5 2. g3 g6
3. Bg2 Bg7 4. c4 Nc6 5. Nc3 d6 6. O-O Nh6 7. b3 Nf5 8. Bb2 O-O 9. d3 Qd7 10.
Qd2 b6 11. Nd5 Bb7 12. Bxg7 Kxg7 13. Qb2+ f6 14. e3 Ne5 15. Qe2 Rae8 16. Rad1
e6 17. Nf4 Nxf3+ 18. Bxf3 e5 19. Nd5 Ne7 20. Nc3 d5 21. e4 d4 22. Nb1 Nc8 23.
Nd2 Nd6 24. Rb1 f5 25. b4 Bc6 26. bxc5 bxc5 27. Rb2 Qe7 28. exf5 Bxf3 29. Qxf3
Rxf5 30. Qc6 1/2-1/2

[Event "USCL Dallas vs Arizona"]
[Site "Chess.com"]
[Date "2013.09.11"]
[Round "3"]
[White "Xiong, Jeffery"]
[Black "Belakovskaia, Angelina"]
[Result "1-0"]
[WhiteElo "2485"]
[BlackElo "2317"]
[PlyCount "117"]
[EventDate "2013.??.??"]
[EventCountry "USA"]

{Board 3, FM Xiong (Dallas Destiny) vs. WGM Belakovskaia (Arizona Scorpions) 
Time Control: Game in 75 with 30 second increment} 1. d4 d5 2. c4 e5 3. dxe5 d4
4. Nf3 Nc6 5. a3 Nge7 6. b4 Ng6 7. Bb2 Be6 8. Nxd4 Ngxe5 9. Nxe6 Qxd1+ 10. Kxd1
fxe6 11. e3 Rd8+ 12. Ke1 Nd3+ 13. Bxd3 Rxd3 14. Ke2 Rd7 15. Nd2 Bd6 16. b5 Nd8
17. Ne4 b6 18. h4 Nb7 19. h5 Nc5 20. Nxc5 Bxc5 21. h6 Bf8 22. Rad1 Rxd1 23.
Kxd1 Rg8 24. hxg7 Bxg7 25. Bxg7 Rxg7 26. g3 Kd7 27. Ke2 c6 28. a4 Kd6 29. Rh5
cxb5 30. axb5 a6 31. bxa6 Ra7 32. f4 Rxa6 33. Rxh7 Ra4 34. Kd3 Ra3+ 35. Kd4 Ra1
36. Rh5 Rd1+ 37. Ke4 Rc1 38. Kd3 Rg1 39. Rg5 Rd1+ 40. Kc2 Rg1 41. g4 Ke7 42.
Rg6 Kf7 43. f5 exf5 44. gxf5 Re1 45. Kd3 Rb1 46. Kd4 b5 47. cxb5 Rxb5 48. e4
Ra5 49. Rb6 Ke7 50. Ke3 Ra3+ 51. Kf4 Ra4 52. f6+ Kf7 53. Kf5 Ra1 54. Rb7+ Kf8
55. e5 Ra5 56. Kg6 Rxe5 57. Rb8+ Re8 58. Rxe8+ Kxe8 59. Kg7 1-0

[Event "USCL Dallas vs Arizona"]
[Site "Chess.com"]
[Date "2013.09.11"]
[Round "3"]
[White "Mateer, Amanda"]
[Black "Guenther, Travis"]
[Result "1-0"]
[WhiteElo "2113"]
[BlackElo "1963"]
[PlyCount "69"]
[EventDate "2013.??.??"]
[EventCountry "USA"]

{Board 4, WFM Mateer (Arizona Scorpions) vs. Guenther (Dallas Destiny)  Time
Control: Game in 75 with 30 second increment} 1. d4 g6 2. e4 Bg7 3. Nc3 d6 4.
Bg5 a6 5. Nf3 b5 6. a4 b4 7. Nd5 Bb7 8. Bc4 h6 9. Bh4 g5 10. Bg3 e6 11. Nxb4 a5
12. Na2 Bxe4 13. Nc3 Bg6 14. Qe2 Ne7 15. O-O O-O 16. Rfe1 Nf5 17. Rad1 g4 18.
Nd2 Nxd4 19. Qxg4 Nxc2 20. Rxe6 h5 21. Qf3 fxe6 22. Bxe6+ Kh7 23. Qxa8 h4 24.
Bxh4 Qxh4 25. Nf3 Qf4 26. Qxa5 Nc6 27. Qxc7 N6d4 28. Bd5 Nxf3+ 29. Bxf3 Rf7 30.
Qc8 Nd4 31. Qh3+ Kg8 32. Qg3 Nxf3+ 33. gxf3 Bxc3 34. bxc3 Qxa4 35. Rxd6 1-0

[Event "USCL Philadelphia vs. Connecticut"]
[Site "Chess.com"]
[Date "2013.09.11"]
[Round "3"]
[White "Gorman, Dov"]
[Black "Bonin, Jay"]
[Result "0-1"]
[WhiteElo "2362"]
[BlackElo "2436"]
[PlyCount "110"]
[EventDate "2013.??.??"]
[EventCountry "USA"]

{Board 3, FM Gorman (Philadelphia Inventers) vs. IM Bonin (Connecticut
Dreadnoughts)  Time Control: Game in 75 with 30 second increment} 1. Nf3 Nf6 2.
d4 d6 3. g3 g6 4. Bg2 Bg7 5. O-O O-O 6. c3 Nbd7 7. Nbd2 Rb8 8. e4 e5 9. b3 d5
10. Ba3 Re8 11. Nxe5 Nxe5 12. dxe5 Nxe4 13. Nxe4 dxe4 14. Bxe4 Bxe5 15. Qc2 Qf6
16. Bb2 Bh3 17. Rfe1 Qb6 18. Re3 Re7 19. Rae1 Rbe8 20. Ba3 Bd6 21. Bxd6 Qxd6
22. Bxb7 c6 23. Ba6 Qd5 24. Bf1 Bxf1 25. Rxf1 Rxe3 26. fxe3 Rxe3 27. c4 Qd4 28.
Qf2 f5 29. Kh1 Qe4+ 30. Qg2 Qxg2+ 31. Kxg2 Re2+ 32. Kg1 Rxa2 33. Rd1 Kg7 34.
Rd7+ Kh6 35. Rc7 Kg5 36. Rxh7 Kg4 37. Rh4+ Kf3 38. Rf4+ Ke3 39. c5 a5 40. h4
Rb2 41. h5 gxh5 42. Rxf5 Rxb3 43. Rxh5 a4 44. Rh4 a3 45. Ra4 Kd2 46. Kf2 Kc2
47. Ra6 Kb2 48. Rxc6 a2 49. Ra6 Ra3 50. Rb6+ Kc2 51. c6 a1=Q 52. c7 Qd4+ 53.
Kg2 Qd5+ 54. Kh2 Qh5+ 55. Kg1 Rxg3+ 0-1

[Event "USCL Philadelphia vs. Connecticut"]
[Site "Chess.com"]
[Date "2013.09.11"]
[Round "3"]
[White "Bartell, Tom"]
[Black "Kekelidze, Mikheil"]
[Result "1/2-1/2"]
[WhiteElo "2496"]
[BlackElo "2576"]
[PlyCount "122"]
[EventDate "2013.??.??"]
[EventCountry "USA"]

{Board 1, FM Bartell (Philadelphia Invertors) vs. GM Kekelidze (Connecticut
Dreadnoughts)  Time Control: Game in 75 with 30 second increment} 1. Nf3 c5 2.
g3 Nc6 3. Bg2 g6 4. d4 cxd4 5. Nxd4 Bg7 6. Nb3 d6 7. O-O Be6 8. e4 Qd7 9. Nc3
Bxc3 10. bxc3 Bh3 11. c4 Nf6 12. Bb2 Bxg2 13. Kxg2 O-O 14. Bxf6 exf6 15. c5
Rad8 16. Qxd6 Qxd6 17. cxd6 Rxd6 18. Rfd1 Rfd8 19. Rxd6 Rxd6 20. c3 Ne5 21. f4
Nc4 22. Kf2 Rd3 23. Rc1 h5 24. Rc2 b6 25. a4 h4 26. Nd4 hxg3+ 27. hxg3 Rd2+ 28.
Rxd2 Nxd2 29. Ke3 Nc4+ 30. Ke2 a5 31. Nf3 Nb2 32. Nd2 Kf8 33. Ke3 Nxa4 34. Kd4
Ke7 35. Nc4 Kd7 36. g4 Ke6 37. f5+ gxf5 38. exf5+ Kd7 39. Ne3 Nc5 40. Nd5 a4
41. Nxf6+ Kd6 42. c4 a3 43. Kc3 Ke5 44. Nd5 b5 45. Ne3 Ne4+ 46. Kb4 a2 47. Nc2
bxc4 48. Kxc4 Nf2 49. Kb3 Nxg4 50. Kxa2 Kxf5 51. Nd4+ Ke4 52. Ne2 Ne3 53. Kb3
Nf5 54. Kc4 Ke3 55. Nc3 Ne7 56. Nd1+ Kf3 57. Kd3 f5 58. Ne3 f4 59. Nc4 Ng6 60.
Nd2+ Kf2 61. Ke4 f3 1/2-1/2

[Event "USCL Philadelphia vs. Connecticut"]
[Site "Chess.com"]
[Date "2013.09.11"]
[Round "3"]
[White "Tanenbaum, Zachary"]
[Black "Minear, Peter"]
[Result "1/2-1/2"]
[WhiteElo "2143"]
[BlackElo "2385"]
[PlyCount "86"]
[EventDate "2013.??.??"]
[EventCountry "USA"]

{Board 4, Tanenbaum (Connecticut Dreadnoughts) vs. NM Minear (Philadelphia
Inventors)  Time Control: Game in 75 with 30 second increment} 1. e4 e5 2. Nf3
Nc6 3. Bc4 Nf6 4. d3 Be7 5. O-O O-O 6. Re1 d6 7. c3 Na5 8. Bb5 a6 9. Ba4 b5 10.
Bc2 c5 11. Nbd2 Qc7 12. Nf1 h6 13. Ng3 Re8 14. h3 Bf8 15. Nh2 Be6 16. Qf3 Nh7
17. Ng4 Ng5 18. Bxg5 hxg5 19. Nf5 f6 20. Qg3 Qf7 21. h4 Qg6 22. d4 cxd4 23.
cxd4 Rac8 24. Rac1 Rc7 25. Bb1 Rec8 26. Rxc7 Rxc7 27. Nge3 Qh5 28. hxg5 Qxg5
29. Qxg5 fxg5 30. d5 Bc8 31. Ng3 g6 32. Ne2 g4 33. Rc1 Rxc1+ 34. Nxc1 Bh6 35.
g3 Bxe3 36. fxe3 Nc4 37. b3 Nxe3 38. Ne2 b4 39. Kf2 Nd1+ 40. Ke1 Ne3 41. Kf2
Nd1+ 42. Ke1 Ne3 43. Kf2 Nd1+ 1/2-1/2

[Event "USCL Philadelphia vs. Connecticut"]
[Site "Chess.com"]
[Date "2013.09.11"]
[Round "3"]
[White "Rohde, Michael"]
[Black "Hua, David"]
[Result "1-0"]
[WhiteElo "2548"]
[BlackElo "2373"]
[PlyCount "63"]
[EventDate "2013.??.??"]
[EventCountry "USA"]

{Board 2, GM Rohde (Connecticut Dreadnoughts) vs. NM Hua (Philadelphia
Inventors)  Time Control: Game in 75 with 30 second increment} 1. Nf3 c5 2. c4
Nf6 3. Nc3 e6 4. g3 b6 5. Bg2 Bb7 6. O-O a6 7. Re1 d6 8. e4 Qc7 9. d4 cxd4 10.
Nxd4 Be7 11. Be3 O-O 12. Rc1 Nbd7 13. f4 Rfe8 14. g4 e5 15. g5 exd4 16. Bxd4
Nxe4 17. Rxe4 Bxe4 18. Bxe4 Rab8 19. Nd5 Qd8 20. Bxh7+ Kxh7 21. Qh5+ Kg8 22.
Rc3 Bxg5 23. fxg5 Re1+ 24. Kf2 Qe8 25. Rh3 Qe2+ 26. Qxe2 Rxe2+ 27. Kxe2 Re8+
28. Re3 Rxe3+ 29. Kxe3 b5 30. cxb5 axb5 31. Nc3 b4 32. Nd5 1-0

[Event "USCL New York vs. New England"]
[Site "Chess.com"]
[Date "2013.09.11"]
[Round "3"]
[White "Winer, Steven"]
[Black "Herman, Matt"]
[Result "1/2-1/2"]
[WhiteElo "2409"]
[BlackElo "2424"]
[PlyCount "90"]
[EventDate "2013.??.??"]
[EventCountry "USA"]

{Board 2, FM Winer (New England Nor'easters) vs. SM Herman (New York Knights) 
Time Control: Game in 75 with 30 second increment} 1. d4 d5 2. c4 c6 3. Nf3 e6
4. e3 Nd7 5. Bd3 Bd6 6. O-O f5 7. b3 Nh6 8. Ba3 Bxa3 9. Nxa3 Qf6 10. b4 O-O 11.
b5 dxc4 12. Bxc4 cxb5 13. Nxb5 Nb6 14. Be2 Nf7 15. Qb3 Nd5 16. Na3 b6 17. Rfc1
Bb7 18. Nc4 Rfd8 19. Na5 bxa5 20. Qxb7 Nd6 21. Qa6 f4 22. exf4 Nxf4 23. Bf1
Nh3+ 24. gxh3 Qxf3 25. Bg2 Qf4 26. Qe2 Rab8 27. Qxe6+ Kh8 28. Qe5 Rf8 29. Qxf4
Rxf4 30. Rab1 Rbf8 31. Rc5 Rxf2 32. Rxa5 Nc4 33. Rg5 h6 34. Rg3 Rxa2 35. Bd5
Ra4 36. Bxc4 Rxc4 37. Rb7 Rc1+ 38. Kg2 Rc2+ 39. Kg1 Re8 40. Kf1 Rxh2 41. Rgxg7
Rxh3 42. Rh7+ Kg8 43. Rbg7+ Kf8 44. Rxa7 Kg8 45. Rag7+ Kf8 1/2-1/2

[Event "USCL New York vs. New England"]
[Site "Chess.com"]
[Date "2013.09.11"]
[Round "3"]
[White "Bodek, Michael"]
[Black "Brattain, Mika"]
[Result "1/2-1/2"]
[WhiteElo "2484"]
[BlackElo "2364"]
[PlyCount "188"]
[EventDate "2013.??.??"]
[EventCountry "USA"]

{Board 3, FM Bodek (New York Knights) vs. NM Brattain (New England Nor'easters)
Time Control: Game in 75 with 30 second increment} 1. e4 c5 2. Nf3 d6 3. d4
cxd4 4. Nxd4 Nf6 5. Nc3 a6 6. h3 g6 7. Bc4 Bg7 8. Bb3 O-O 9. O-O Nc6 10. Be3
Bd7 11. Re1 Na5 12. f4 Nxb3 13. axb3 Rc8 14. e5 Ne8 15. Bf2 dxe5 16. fxe5 Nc7
17. Qf3 Nb5 18. Ncxb5 axb5 19. Qxb7 Rc7 20. Qb6 Qb8 21. Qxb8 Rxb8 22. b4 e6 23.
c3 Rcc8 24. Nb3 Bc6 25. Bc5 Bd5 26. Nd4 Ra8 27. Bd6 Bc4 28. Ra5 f6 29. b3 Bd5
30. Nxb5 Rxa5 31. bxa5 Bxb3 32. a6 fxe5 33. a7 Bd5 34. Bxe5 Bxe5 35. Rxe5 Ra8
36. Nc7 Rxa7 37. Nxd5 exd5 38. Rxd5 Rc7 39. Rd3 Kf7 40. Kf2 Ke6 41. Ke2 Ke5 42.
Re3+ Kf5 43. Kd3 Rd7+ 44. Kc4 Kf4 45. Rf3+ Ke4 46. Rg3 Rd2 47. Kb3 Kf4 48. Rg4+
Kf5 49. c4 Rd3+ 50. Kc2 Ra3 51. c5 Ke5 52. Kd2 Kd5 53. Rg5+ Kd4 54. h4 Ra2+ 55.
Kd1 Ra6 56. h5 Rc6 57. hxg6 hxg6 58. Ke2 Rxc5 59. Rxg6 Ke4 60. Kf2 Kf4 61. Rg8
Rc2+ 62. Kg1 Rb2 63. Kh2 Rb6 64. Rh8 Rg6 65. g3+ Kg5 66. Kh3 Kf6 67. Rh7 Kg5
68. Rh4 Rc6 69. Rg4+ Kh5 70. Rg8 Rc3 71. Ra8 Kg5 72. Ra5+ Kg6 73. Kh4 Rc4+ 74.
g4 Rc6 75. Ra8 Kg7 76. Rd8 Rc5 77. Rd7+ Kg6 78. Rd6+ Kg7 79. Re6 Rb5 80. Kg3
Rb4 81. Kf3 Kf7 82. Re4 Rxe4 83. Kxe4 Kg6 84. Kf4 Kf6 85. g5+ Kg6 86. Kg4 Kg7
87. Kf5 Kf7 88. g6+ Kg7 89. Kg5 Kg8 90. Kh5 Kg7 91. Kg5 Kg8 92. Kf6 Kf8 93. Ke6
Kg7 94. Kf5 Kg8 1/2-1/2

[Event "USCL New York vs. New England"]
[Site "Chess.com"]
[Date "2013.09.11"]
[Round "3"]
[White "Times, Lawyer"]
[Black "Checa, Nicolas"]
[Result "1-0"]
[WhiteElo "2261"]
[BlackElo "2267"]
[PlyCount "101"]
[EventDate "2013.??.??"]
[EventCountry "USA"]

{Board 4, NM Times (New England Nor'easters) vs. NM Checa (New York Knights) 
Time Control: Game in 75 with 30 second increment} 1. d4 d5 2. Nf3 Nf6 3. e3 c5
4. c3 Nc6 5. dxc5 a5 6. Bb5 e6 7. b4 axb4 8. cxb4 Bd7 9. Bxc6 Bxc6 10. Nc3 Be7
11. Bb2 O-O 12. O-O Qb8 13. Qc2 e5 14. Ne2 e4 15. Nfd4 Ng4 16. Ng3 Bd7 17. Qe2
f5 18. f4 exf3 19. Qxf3 Rf7 20. h3 Nh6 21. Nge2 Qe5 22. Nf4 g5 23. Nd3 Qc7 24.
Qxd5 Bf6 25. Rf2 Re8 26. Re1 g4 27. Nxf5 Nxf5 28. Bxf6 Be6 29. Qe5 Qd7 30. Nf4
Bxa2 31. Qc3 Be6 32. Nh5 Bd5 33. Be5 gxh3 34. e4 Bxe4 35. gxh3 Qc6 36. Nf6+
Rxf6 37. Bxf6 Re6 38. Be5 Rg6+ 39. Kh2 Nh4 40. Ref1 Rg2+ 41. Rxg2+ Bxg2 42.
Qg3+ Qg6 43. Rf6 Nf3+ 44. Rxf3 Bxf3 45. Qxf3 Qe6 46. Qg4+ Qxg4 47. hxg4 Kf7 48.
b5 Ke6 49. c6 bxc6 50. b6 Kd7 51. b7 1-0

[Event "USCL New Jersey vs. Boston"]
[Site "Chess.com"]
[Date "2013.09.11"]
[Round "3"]
[White "Sevian, Samuel"]
[Black "Kapengut, Albert"]
[Result "1-0"]
[WhiteElo "2486"]
[BlackElo "2363"]
[PlyCount "93"]
[EventDate "2013.??.??"]
[EventCountry "USA"]

{Board 2, FM Sevian (Boston Blitz) vs. IM Kapengut (New Jersey Knockouts) 
Time Control: Game in 75 with 30 second increment} 1. e4 d5 2. exd5 Nf6 3. d4
Nxd5 4. Nf3 Bg4 5. Be2 e6 6. O-O Be7 7. h3 Bh5 8. c4 Nb6 9. Be3 O-O 10. Nc3 Nc6
11. b3 Bxf3 12. Bxf3 Bf6 13. Bxc6 bxc6 14. Ne4 Re8 15. Qd3 Nd7 16. Rad1 Be7 17.
Bf4 Nf6 18. Nxf6+ Bxf6 19. Qf3 Qd7 20. Be5 Bd8 21. Rfe1 f6 22. Bf4 Rb8 23. Qg4
Qf7 24. Re3 Kf8 25. Rde1 c5 26. Rxe6 Rxe6 27. Qxe6 Qxe6 28. Rxe6 cxd4 29. Re4
Rb6 30. Rxd4 Ke8 31. g4 a5 32. Be3 Ra6 33. Kg2 Be7 34. c5 c6 35. Kf3 Ra7 36.
Ra4 Bd8 37. Bd2 Kf7 38. b4 Ke6 39. Ke4 g6 40. bxa5 f5+ 41. gxf5+ gxf5+ 42. Kd4
Rd7+ 43. Kc4 Rxd2 44. a6 Bf6 45. a7 Rd4+ 46. Kb3 Rd3+ 47. Kc2 1-0

[Event "USCL New Jersey vs. Boston"]
[Site "Chess.com"]
[Date "2013.09.11"]
[Round "3"]
[White "Mahoney, Michael"]
[Black "Wu, Christopher"]
[Result "0-1"]
[WhiteElo "2040"]
[BlackElo "2288"]
[PlyCount "72"]
[EventDate "2013.??.??"]
[EventCountry "USA"]

{Board 4, Mahoney (Boston Blitz) vs. NM Wu (New Jersey Knockouts)  Time
Control: Game in 75 with 30 second increment} 1. e4 c5 2. Nf3 d6 3. d4 cxd4 4.
Nxd4 Nf6 5. Nc3 a6 6. Be3 e5 7. Nb3 Be6 8. h3 h5 9. Qd2 Nbd7 10. O-O-O b5 11.
Kb1 Nb6 12. Bxb6 Qxb6 13. Nd5 Bxd5 14. exd5 Ne4 15. Qb4 Nxf2 16. Bd3 Nxh1 17.
Rxh1 Be7 18. a4 O-O 19. Rf1 g6 20. g4 hxg4 21. Qxg4 Qe3 22. Na5 Bg5 23. h4 Bf4
24. h5 Qg3 25. Qd1 Be3 26. Nc6 Qg5 27. Rh1 Kg7 28. h6+ Kh7 29. Ka2 f5 30. a5 e4
31. Be2 f4 32. Bg4 f3 33. Be6 f2 34. Bh3 Bd2 35. c4 bxc4 36. Qg4 Qxg4 0-1

[Event "USCL Manhattan vs. Baltimore"]
[Site "Chess.com"]
[Date "2013.09.11"]
[Round "3"]
[White "Izoria, Zviad"]
[Black "Bregadze, Levan"]
[Result "1/2-1/2"]
[WhiteElo "2624"]
[BlackElo "2469"]
[PlyCount "64"]
[EventDate "2013.??.??"]
[EventCountry "USA"]

{Board 1, GM Izoria (Manhattan Applesauce) vs. IM Bregadze (Baltimore
Kingfishers)  Time Control: Game in 75 with 30 second increment} 1. e4 g6 2. d4
Bg7 3. Nc3 d6 4. Be3 Nf6 5. Qd2 Ng4 6. Bg5 h6 7. Bh4 g5 8. Bg3 e5 9. dxe5 Nxe5
10. f4 gxf4 11. Bxf4 Be6 12. Nf3 Nbc6 13. Bb5 Nxf3+ 14. gxf3 a6 15. Bxc6+ bxc6
16. O-O-O Qh4 17. Be3 O-O-O 18. Bd4 Bxd4 19. Qxd4 Qf4+ 20. Kb1 Qxf3 21. Qa7 Qh5
22. e5 Qxe5 23. Qxa6+ Kd7 24. Rhe1 Qf5 25. Ne4 Bd5 26. Rxd5 cxd5 27. Qb5+ Kc8
28. Qa6+ Kd7 29. Qa4+ Kc8 30. Qa8+ Kd7 31. Qa4+ Kc8 32. Qa6+ Kd7 1/2-1/2

[Event "USCL Manhattan vs. Baltimore"]
[Site "Chess.com"]
[Date "2013.09.11"]
[Round "3"]
[White "Enkhbat, Tegshsuren"]
[Black "Schneider, Dmitry"]
[Result "1-0"]
[WhiteElo "2492"]
[BlackElo "2516"]
[PlyCount "81"]
[EventDate "2013.??.??"]
[EventCountry "USA"]

{Board 2, IM Enkhbat (Baltimore Kingfishers) vs. IM Schneider (Manhattan
Applesauce)  Time Control: Game in 75 with 30 second increment} 1. d4 d5 2. c4
e6 3. Nf3 c6 4. Qc2 Nf6 5. g3 dxc4 6. Qxc4 b5 7. Qc2 Bb7 8. Bg2 Nbd7 9. Ne5
Nxe5 10. dxe5 Nd7 11. O-O Qb6 12. Bf4 Be7 13. Rd1 Rd8 14. Nc3 c5 15. Ne4 O-O
16. Ng5 g6 17. Bxb7 Qxb7 18. Ne4 c4 19. Nd6 Bxd6 20. Rxd6 Nb6 21. Rad1 Rxd6 22.
Rxd6 Qc7 23. Bh6 Rd8 24. Qd2 Rxd6 25. exd6 Qd8 26. Qd4 f6 27. Bd2 e5 28. Qc5
Kf7 29. e4 Ke6 30. Bb4 Qd7 31. h4 h5 32. a4 bxa4 33. Kh2 Kf7 34. Ba5 Nc8 35.
Bc7 Qe6 36. Kg2 Nb6 37. Bxb6 axb6 38. Qxb6 f5 39. Qa7+ Kf6 40. Qc7 c3 41. d7
1-0

[Event "USCL Manhattan vs. Baltimore"]
[Site "Chess.com"]
[Date "2013.09.11"]
[Round "3"]
[White "Salimbagat, Rico"]
[Black "Defibaugh, Jared"]
[Result "1/2-1/2"]
[WhiteElo "2259"]
[BlackElo "2297"]
[PlyCount "98"]
[EventDate "2013.??.??"]
[EventCountry "USA"]

{Board 3, FM Salimbagat (Manhattan Applesauce) vs. NM Defibaugh (Baltimore
Kingfishers)  Time Control: Game in 75 with 30 second increment} 1. e4 e5 2.
Nf3 Nc6 3. Bb5 a6 4. Ba4 Nge7 5. O-O g6 6. c3 Bg7 7. d4 exd4 8. cxd4 b5 9. Bb3
Na5 10. Bc2 d6 11. h3 O-O 12. Bg5 h6 13. Bd2 c5 14. Qc1 Kh7 15. dxc5 dxc5 16.
Rd1 Qb6 17. Bc3 Be6 18. Bxg7 Kxg7 19. Qf4 Rad8 20. Nc3 Nac6 21. e5 Nb4 22. Qf6+
Kh7 23. Be4 Qc7 24. Rd6 Nbd5 25. Bxd5 Bxd5 26. Rd1 Be6 27. Ne4 Nd5 28. Qh4 Kg7
29. Rxd8 Qxd8 30. Qxd8 Rxd8 31. Nxc5 Rc8 32. Rc1 Kg8 33. Nd4 Nf4 34. a3 Bd5 35.
f3 Ba8 36. Kh2 Rd8 37. e6 Rxd4 38. e7 Bc6 39. Nd3 Nd5 40. Ne5 Be8 41. Rc8 Nf6
42. Rd8 Rd5 43. Ng4 Nxg4+ 44. hxg4 Re5 45. Rxe8+ Kg7 46. Ra8 Rxe7 47. Rxa6 Re3
48. Rb6 Rb3 49. a4 b4 1/2-1/2

[Event "USCL Manhattan vs. Baltimore"]
[Site "Chess.com"]
[Date "2013.09.11"]
[Round "3"]
[White "Schoch, Ian"]
[Black "Goldenberg, Ryan"]
[Result "0-1"]
[WhiteElo "2294"]
[BlackElo "2348"]
[PlyCount "154"]
[EventDate "2013.??.??"]
[EventCountry "USA"]

{Board 4, NM Schoch (Baltimore Kingfishers) vs. NM Goldenberg (Manhattan
Applesauce)  Time Control: Game in 75 with 30 second increment} 1. e4 e6 2. d4
d5 3. exd5 exd5 4. Nf3 Bd6 5. c4 Nf6 6. Nc3 O-O 7. c5 Re8+ 8. Be2 Be7 9. Bf4
Ne4 10. O-O Bf6 11. Ne5 Nc6 12. Bb5 Bxe5 13. Bxe5 Bd7 14. Nxe4 dxe4 15. Bxc6
Bxc6 16. Qb3 Re6 17. Rfe1 Qd7 18. Rad1 Rd8 19. Bxc7 Bd5 20. Qg3 Rg6 21. Qf4 Rf6
22. Qg3 Rg6 23. Qf4 Qh3 24. g3 Rh6 25. g4 Rh4 26. Re3 Rxg4+ 27. Rg3 Rxg3+ 28.
Qxg3 Qh5 29. Re1 Re8 30. Be5 Qg6 31. Qxg6 hxg6 32. b4 f6 33. Bd6 a6 34. a4 Bc6
35. f3 exf3 36. Rxe8+ Bxe8 37. Kf2 Bxa4 38. Kxf3 Bc6+ 39. Kf4 g5+ 40. Kf5 Kf7
41. Bc7 g6+ 42. Kg4 Bd7+ 43. Kf3 Ke6 44. Bd8 Bc6+ 45. Ke3 Bd5 46. Kd3 g4 47.
Ke3 g5 48. Kf2 Kf5 49. Kg3 Be6 50. Be7 Kg6 51. d5 Bxd5 52. Kxg4 f5+ 53. Kg3 f4+
54. Kf2 g4 55. Bd8 Kf5 56. Be7 Ke4 57. Bd8 Kd3 58. Bc7 Kc4 59. Ba5 Bc6 60. Kg1
g3 61. hxg3 fxg3 62. Kf1 b6 $1 {Move of the week (3).} 63. cxb6 Bb7 64. Ke2 Kb3
65. Ke3 Kc2 66. Ke2 g2 67. Kf2 Kd3 68. Kg1 Ke2 69. b5 axb5 70. Bb4 Kd3 71. Kf2
Kc4 72. Be7 b4 73. Bf6 Kd3 74. Be7 b3 75. Ba3 Kc2 76. Kg1 b2 77. Bxb2 Kxb2 0-1

[Event "USCL San Francisco vs New York"]
[Site "Chess.com"]
[Date "2013.09.18"]
[Round "4"]
[White "Herman, Matt"]
[Black "Naroditsky, Daniel"]
[Result "0-1"]
[WhiteElo "2424"]
[BlackElo "2570"]
[PlyCount "66"]
[EventDate "2013.??.??"]
[EventCountry "USA"]

{Board 2, SM Herman (New York Knights) vs. IM Naroditsky (San Francisco
Mechanics)  Time Control: Game in 75 with 30 second increment} 1. e4 c5 2. Nf3
d6 3. d4 cxd4 4. Nxd4 Nf6 5. Nc3 a6 6. Bc4 e6 7. Bb3 Nbd7 8. Bg5 Nc5 9. O-O Be7
10. Re1 O-O 11. f4 h6 12. Bh4 Qd7 13. Bf2 Nxb3 14. axb3 b6 15. e5 dxe5 16. fxe5
Nd5 17. Nxd5 Qxd5 18. c4 Qd7 19. Qg4 Bb7 20. Rad1 Qc7 21. Rd3 Rfd8 22. Rg3 Bf8
23. Qh5 Kh7 24. Be3 Be4 25. Rf1 Rd7 26. Qg4 Qxe5 27. Bxh6 Qxd4+ 28. Be3 Qe5 29.
Qh4+ Kg8 30. Rh3 f6 31. Qh8+ Kf7 32. Rg3 Rad8 33. Rg5 Qxg5 0-1

[Event "USCL San Francisco vs New York"]
[Site "Chess.com"]
[Date "2013.09.18"]
[Round "4"]
[White "King, Alex"]
[Black "Panchanatham, Vignesh"]
[Result "1-0"]
[WhiteElo "2297"]
[BlackElo "2238"]
[PlyCount "69"]
[EventDate "2013.??.??"]
[EventCountry "USA"]

{Board 4, NM King (New York Knights) vs. NM Panchanatham (San Francisco
Mechanics)  Time Control: Game in 75 with 30 second increment} 1. d4 Nf6 2. c4
g6 3. g3 Bg7 4. Bg2 O-O 5. Nc3 d6 6. Nf3 Nbd7 7. O-O e5 8. e4 Re8 9. h3 c6 10.
d5 Nc5 11. Re1 a5 12. b3 Nh5 13. Be3 Na6 14. dxc6 bxc6 15. Qd2 f5 16. Bg5 Qc7
17. Rad1 Bf8 18. exf5 gxf5 19. Nh2 Be6 20. g4 Ng7 21. gxf5 Nxf5 22. Ne4 Bg7 23.
Ng4 Nd4 24. Nef6+ Bxf6 25. Nxf6+ Kf7 26. Nxe8 Rxe8 27. Qc3 Nf5 28. Qf3 Rg8 29.
Qh5+ Kf8 30. Kh1 Qg7 31. h4 h6 32. Bxc6 Nc7 33. Bd8 Bf7 34. Qxf5 Ne6 35. Rg1
1-0